Largest cities ever in the portuguese empire - Statistics

General Stats
  • This quiz has been taken 44 times
    41 since last reset
  • The average score is 10 of 20
Answer Stats
population Answer % Correct
2.8 million Lisbon
100%
13 million Rio de Janeiro
96%
27 million São Paulo
86%
3.9 million Brasília
82%
7.7 million Luanda
75%
3.1 million Maputo
68%
2.13 million Manaus
64%
4 million Recife
61%
5.1 million Belo Horizonte
54%
3.6 million Fortaleza
54%
3 89 million Porto Alegre
54%
2.15 million Belém
50%
3.86 million Salvador
50%
3.4 million Curitiba
46%
2.1 million Campinas
29%
2.3 million Goiânia
29%
4.9 million Colombo
14%
1.8 million Vitória
11%
2.2 million Lusaka
7%
2.12 million Harare
4%
No matching quizzes found
Score Distribution
Percent of People with Each Score
Percentile by Number Answered
Your Score History
You have not taken this quiz since the last reset